Southville International School and Colleges
Your cart is empty.
  • Cart
  • Lists
    Public lists Eva Luna New books Lux_list list_1
    Your lists Log in to create your own lists
  • Log in to your account
  • Your cookies
  • Search history
Southville International School and Colleges
  • Advanced search
  • Recent comments
  • Most popular
  • Libraries

Log in to your account

Log in with GOOGLE


If you do not have an external account, but do have a local account, you can still log in:

  1. Home
  2. MARC view: Albert Einstein :
Normal view MARC view ISBD view

Albert Einstein : (Record no. 105185)

[ view plain ]
MARC details
000 -LEADER
fixed length control field 00463nam a2200169 a 4500
005 - DATE AND TIME OF LATEST TRANSACTION
control field 20140412111344.0
008 - FIXED-LENGTH DATA ELEMENTS--GENERAL INFORMATION
fixed length control field 041005s19uu xx 00 eng d
020 ## - INTERNATIONAL STANDARD BOOK NUMBER
International Standard Book Number 81-7826-015-8
050 ## - LIBRARY OF CONGRESS CALL NUMBER
Classification number M 509.2
Item number Al1 2000
245 ## - TITLE STATEMENT
Title Albert Einstein :
Remainder of title World great scientists.
260 ## - PUBLICATION, DISTRIBUTION, ETC. (IMPRINT)
Place of publication, distribution, etc India :
Name of publisher, distributor, etc Rohan book company,
Date of publication, distribution, etc 2000.
300 ## - PHYSICAL DESCRIPTION
Extent 24
440 ## - SERIES STATEMENT/ADDED ENTRY--TITLE
Title World great scientist
650 ## - SUBJECT ADDED ENTRY--TOPICAL TERM
Topical term or geographic name as entry element Scientist works
650 ## - SUBJECT ADDED ENTRY--TOPICAL TERM
Topical term or geographic name as entry element Scientist - Biography
Holdings
Withdrawn status Lost status Damaged status Home library Current library Shelving location Date acquired Source of acquisition Total Checkouts Full call number Barcode Date last seen Price effective from Koha item type
      Elizalde Library Elizalde Library Main Section 10/05/2004     M 509.2 Al1 2000 E9543 04/12/2014 04/12/2014 Books

Albert Einstein :

APA

(2000). Albert Einstein. India: Rohan book company.

Chicago

2000. Albert Einstein. India: Rohan book company.

Harvard

(2000). Albert Einstein. India: Rohan book company.

MLA

Albert Einstein. India: Rohan book company. 2000.

  • Place hold
  • Print
  • Cite
  • Add to your cart (remove)
  • Save record
    BIBTEX Dublin Core MARCXML MARC (non-Unicode/MARC-8) MARC (Unicode/UTF-8) MARC (Unicode/UTF-8, Standard) MODS (XML) RIS
  • More searches
    Search for this title in:
    Other Libraries (WorldCat) Other Databases (Google Scholar) Online Stores (Bookfinder.com) Open Library (openlibrary.org)

Exporting to Dublin Core...

SOUTHVILLE LIBRARY

Southville International School and Colleges Library

1281 Tropical Ave. Cor. Luxembourg St., BF Homes International, Las Pinas City

Tel. No. 8256374 / 252358 Loc. 117/146

Powered by Koha